| 000 | 00948nam a22002177a 4500 | ||
|---|---|---|---|
| 999 |
_c6916 _d6916 |
||
| 003 | AR-CdUCM | ||
| 008 | 190319b ||||| |||| 00| 0 spa d | ||
| 020 | _a9972-52-020-5 | ||
| 040 |
_aMUNICIPALIDAD PROVINCIAL DEL CUSCO _cBIBLIOTECA MUNICIPAL DEL CUSCO |
||
| 082 |
_a109.80 / _bS63 |
||
| 100 |
_aSobrevilla, David _91599 |
||
| 245 |
_aRepensando la tradición de nuestra América : _bEstudio sobre la filosofía en América latina / |
||
| 260 |
_aPerú : _bBanco central de reserva del Perú, _c1999. |
||
| 300 |
_a266 páginas ; _c25 cm. |
||
| 505 | _aContenido : La filosofía heterogéneas -- El inicio de la estética filosófica en el Perú a inicios del siglo XVII -- El surgimiento de la idea de nuestra América en los ensayistas latinoamericanos decimonónicos ... | ||
| 650 |
_aFilosofía _9395 |
||
| 650 |
_aFilosofía latinoamericana _914497 |
||
| 650 |
_aFilosofía universal _914857 |
||
| 942 |
_2ddc _cLIBROS |
||
| 945 | _arah | ||